000 00756nam a2200241Ia 4500
003 OSt
005 20220923214458.0
006 a|||||r|||| 00| 0
007 ta
008 220922b |||||||| |||| 00| 0 hin d
024 _a169,912
037 _cTextual
040 _aARTS
_cARTS
_bhin
041 _2hin
_ahin
082 _aO152:3M96:18, L3
100 _aत्रिपाठी, सूर्यकान्त, निराला
245 0 _aबिल्लेसुर बकरिहा
246 _aBillesur bakarihā
250 _aसंस्क0 4
260 _c1973
942 _hO152:3M96:18, L3
_cTEXL
_2CC
999 _c324276
_d324276